Cartilla matrimonial / Junta Provincial de Protección de Menores. Barcelona
Descripción Física:
8 p. ; 16 cm
MARC
| LEADER | 00000nam a2200000Ia 4500 | ||
|---|---|---|---|
| 001 | 14733 | ||
| 003 | BGR | ||
| 005 | 20260410113710.0 | ||
| 008 | 160829s9999 xx 000 0 cat d | ||
| 080 | |a RF-1-52 | ||
| 110 | 2 | |a Junta Provincial de Protección de Menores (Barcelona) |9 71281 | |
| 245 | |a Cartilla matrimonial / Junta Provincial de Protección de Menores. Barcelona | ||
| 260 | |a [Barcelona] : |b Casa Provincial de Caridad. Imprenta Escuela, s.a. | ||
| 300 | |a 8 p. ; |c 16 cm | ||
| 650 | |a Matrimoni |9 36614 | ||
| 650 | 0 | |a Família |9 39823 | |
| 856 | 4 | |u https://media.diba.cat/diba/fitxers/arxiu/fulletons/bib_14733_baixa.pdf |y Accés lliure | |
| 856 | 4 | |u https://media.diba.cat/diba/fitxers/arxiu/fulletons/bib_14733_baixa.pdf |y Accés lliure | |
| 900 | |a bib_14733_baixa.pdf | ||
| 901 | |a Arxiu | ||
| 942 | |n 1 |2 udc |c MON | ||
| 952 | |0 0 |1 0 |4 0 |6 RF152 |7 1 |9 49246 |a Arxiu |b Arxiu |d 2016-12-01 |l 0 |o RF-1-52 |p 14733 |r 2016-12-01 00:00:00 |w 2016-12-01 |y ARXIU | ||
| 999 | |c 53086 |d 53086 | ||